000 01142cam a22002771i 4500
003 SA-RiAUC
005 20241223073255.0
008 241220s2000 ua f 000 0 ara c
020 _a9771502727
040 _aJO-AmJU
_bara
_cSA-RiAUC
_erda
082 0 4 _a251
_qSA-RiAUC
090 _a251
_bم ح م
100 1 _aمحمود، محمد عبد اللطيف،
_d1968-
_eمؤلف.
245 1 2 _aالاختلافات الفقهية لدى الاتجاهات الإسلامية المعاصرة /
_cمحمد عبد اللطيف محمود.
250 _aالطبعة الأولى.
264 1 _aالمنصورة، مصر :
_bدار الوفاء للطباعة والنشر والتوزيع،
_c2000
300 _a452 صفحة ؛
_c24 سم
336 _aنص
_btxt
_2rdacontent
_3كتاب
337 _aبدون وسيط
_bn
_2rdamedia
338 _aمجلد
_bnc
_2rdacarrier
500 _aالأصل أطروحة ماجستير-دار العلوم.
650 7 _aالاختلاف (فقه إسلامي)
_2aucsh
650 7 _aأصول الفقه الإسلامي
_2aucsh
942 _2ddc
_cBOOK
_n0
949 _aSA-JeALM
_d241220
_umohamedma123
_n1
999 _c3804
_d3804